000 00333nam a2200133 i 4500
001 bg
100 1 _aKOŁACZKOWSKI, Andrzej
245 0 _aSamorzutny rozkład saletry amonowej /
_cAndrzej Kołaczkowski.
260 _aWrocław,
_c1980.
040 _cBPK
041 _apol
942 _cKS
008 s pl f |000 0 pol
999 _c19308
_d19308
856 _uhttp://koha.tu.koszalin.pl/cgi-bin/koha/opac-detail.pl?biblionumber=19308
_yKatalog online BPK